000 01353nam0a22003011 4500
001 rc\3131610
005 20260407144510.0
021 _aRU
_b76-10211
021 _aRU
_b[75-103610]
035 _a(NLR Aleph) 007314986
090 _a5849591
_c5849591
100 _a20120615d1975 |||y0rusy50 ca
101 0 _arus
102 _aRU
105 _ay z |||||
200 1 _aРекомендации по способам копирования и размножения горных графических документов на предприятиях Северо-Востока
_fВсесоюз. науч.-исслед. ин-т золота и редких металлов
210 _aМагадан
_cОтд. техн. информации объединения "Северовостокзолото"
_d1975
215 _a25 с.
_d20
320 _aСписок лит.: с. 25 (5 назв.)
606 _aГорные работы
_xДокументация
_xРазмножение
_2psbo
606 _aМаркшейдерские планы
_xРазмножение
_2psbo
712 0 2 _aВНИИ золота и редких металлов
_cМагадан
_3RU\NLR\AUTH\8810018900
_9535688
801 0 _aRU
_bNLR
_gpsbo
801 1 _aRU
_bELAR
_2rusmarc
852 _aNLR
_j76-4/11143
852 _aNLR
_j76-4/20728
942 _cBOOK
980 _aNB